| 000 | 00353nam a2200145Ia 4500 | ||
|---|---|---|---|
| 008 | 210210b1983 xxu||||| |||| 00| 0 eng d | ||
| 082 | _a519.5 GUPS | ||
| 100 | _aGUPTA (S P). | ||
| 245 | _aStatistical methods. | ||
| 250 | _a | ||
| 260 |
_aND _bSultan Chand & Sons _c1983 |
||
| 300 | _axxiii,.... | ||
| 690 | _aMathematical Statistics | ||
| 906 | _a036127 | ||
| 999 |
_c86772 _d86772 |
||